<?xml version="1.0" encoding="UTF-8"?>
<collection xmlns="http://www.loc.gov/MARC21/slim">
 <record>
  <leader>01782aam a22004218a 4500</leader>
  <controlfield tag="001">000023138</controlfield>
  <controlfield tag="003">19587</controlfield>
  <controlfield tag="005">20150601160652.0</controlfield>
  <controlfield tag="008">150601s2011                        viesd</controlfield>
  <datafield tag="020" ind1=" " ind2=" ">
   <subfield code="c">39000đ</subfield>
   <subfield code="d">1000b</subfield>
  </datafield>
  <datafield tag="041" ind1="0" ind2=" ">
   <subfield code="a">vie</subfield>
  </datafield>
  <datafield tag="082" ind1="1" ind2="4">
   <subfield code="2">14</subfield>
   <subfield code="a">741.2</subfield>
   <subfield code="b">NG-B</subfield>
  </datafield>
  <datafield tag="100" ind1="1" ind2=" ">
   <subfield code="a">Nguyễn Lăng Bình</subfield>
  </datafield>
  <datafield tag="245" ind1="1" ind2="0">
   <subfield code="a">Giáo trình kí họa</subfield>
   <subfield code="b">Giáo trình đào tạo giáo viên trung học cơ sở hệ cao đẳng sư phạm năm thứ I</subfield>
   <subfield code="c">Nguyễn Lăng Bình</subfield>
   <subfield code="n">T.1</subfield>
   <subfield code="p">Giáo trình kí họa</subfield>
  </datafield>
  <datafield tag="246" ind1=" " ind2=" ">
   <subfield code="a">Giáo trình ký họa</subfield>
  </datafield>
  <datafield tag="250" ind1=" " ind2=" ">
   <subfield code="a">In lần thứ 3</subfield>
  </datafield>
  <datafield tag="260" ind1=" " ind2=" ">
   <subfield code="a">H.</subfield>
   <subfield code="b">Đại học Sư phạm</subfield>
   <subfield code="c">2011</subfield>
  </datafield>
  <datafield tag="300" ind1=" " ind2=" ">
   <subfield code="a">159 tr.</subfield>
   <subfield code="b">minh hoạ</subfield>
   <subfield code="c">24 cm.</subfield>
  </datafield>
  <datafield tag="500" ind1=" " ind2=" ">
   <subfield code="a">Đầu bìa sách ghi: Bộ Giáo dục và Đào tạo. Dự án Đào tạo giáo viên THCS</subfield>
  </datafield>
  <datafield tag="504" ind1=" " ind2=" ">
   <subfield code="a">Thư mục: tr. 159</subfield>
  </datafield>
  <datafield tag="520" ind1=" " ind2=" ">
   <subfield code="a">Giới thiệu khái niệm, mục đích, yêu cầu, vai trò, thể loại, chất liệu và một số tranh vẽ của hoạ sĩ Việt Nam và thế giới. Hướng dẫn phương pháp vẽ kí hoạ cảnh và kí hoạ động vật, người</subfield>
  </datafield>
  <datafield tag="650" ind1="0" ind2="4">
   <subfield code="a">Ký họa</subfield>
   <subfield code="v">Giáo trình</subfield>
  </datafield>
  <datafield tag="650" ind1=" " ind2="7">
   <subfield code="2">Bộ TK TVQG</subfield>
  </datafield>
  <datafield tag="653" ind1=" " ind2=" ">
   <subfield code="a">Kí họa</subfield>
  </datafield>
  <datafield tag="653" ind1=" " ind2=" ">
   <subfield code="a">Mĩ thuật</subfield>
  </datafield>
  <datafield tag="653" ind1=" " ind2=" ">
   <subfield code="a">Mỹ thuật</subfield>
  </datafield>
  <datafield tag="655" ind1=" " ind2="7">
   <subfield code="2">Bộ TK TVQG</subfield>
   <subfield code="a">Giáo trình</subfield>
  </datafield>
  <datafield tag="773" ind1=" " ind2=" ">
   <subfield code="d">Đại học Sư Phạm</subfield>
   <subfield code="d">H.</subfield>
   <subfield code="d">2011</subfield>
   <subfield code="t">Kí họa</subfield>
   <subfield code="w">19586</subfield>
  </datafield>
  <datafield tag="OWN" ind1=" " ind2=" ">
   <subfield code="a">LSP</subfield>
  </datafield>
  <datafield tag="AVA" ind1=" " ind2=" ">
   <subfield code="a">UDN50</subfield>
   <subfield code="b">LSP</subfield>
   <subfield code="d">741.2 NG-B</subfield>
   <subfield code="e">available</subfield>
   <subfield code="t">Error 5001 Not defined in file expand_doc_bib_avail.</subfield>
   <subfield code="f">2</subfield>
   <subfield code="g">0</subfield>
   <subfield code="h">N</subfield>
   <subfield code="i">0</subfield>
   <subfield code="k">1</subfield>
  </datafield>
  <datafield tag="999" ind1=" " ind2=" ">
   <subfield code="a">From the UDN01</subfield>
  </datafield>
  <datafield tag="AVA" ind1=" " ind2=" ">
   <subfield code="a">UDN50</subfield>
   <subfield code="b">LSP</subfield>
   <subfield code="d">741.2 NG-B</subfield>
   <subfield code="e">available</subfield>
   <subfield code="t">Error 5001 Not defined in file expand_doc_bib_avail.</subfield>
   <subfield code="f">2</subfield>
   <subfield code="g">0</subfield>
   <subfield code="h">N</subfield>
   <subfield code="i">0</subfield>
   <subfield code="k">1</subfield>
  </datafield>
  <datafield tag="TYP" ind1=" " ind2=" ">
   <subfield code="a">Monograph</subfield>
  </datafield>
  <datafield tag="TYP" ind1=" " ind2=" ">
   <subfield code="a">Printed language</subfield>
  </datafield>
  <datafield tag="980" ind1=" " ind2=" ">
   <subfield code="a">Mạng thư viện Đại học Đà Nẵng</subfield>
  </datafield>
 </record>
</collection>
